000 00962nam a2200313 a 4500
001 000108403
003 CHAP
005 20220329144011.0
008 140207s2013 fluf |r| |||1|||eng|d
010 _a104865
011 _a105837
020 _a9781578088041
040 _cCHAP
082 0 4 _a635.642
_bG32
245 0 0 _aGenetics, genomics and breeding of tomato /
_cBarbara E. Liedl ...[et al.].
260 3 _aBoca Raton Fl. :
_bCRC Press,
_c2013.
300 _axl, 480 p. :
_blam.
490 0 _aGenetics, genomics and breeding of crop plants
504 _aIncluye: Referencias e index
590 _aE792CSJ
_b05
_c20140207
_lUCH01
_h1023
650 1 4 _aTomate
_xCultivos en invernadero.
_9113704
650 1 4 _aTomate
_xGenética.
_9113726
650 1 4 _aTomate
_xPlántulas.
_9113749
700 1 _aLiedl, Barbara E.
_eed.
_9125374
830 0 _aGenetics, genomics and breeding of crop plants
_9124888
901 _aBK
942 _cLIBRO
942 _n0
999 _c104865
_d104865